Portugalsko český a česko portugalská kapesní slovník

Saved in:
Bibliographic Details
Other Authors: Holbík, Jaroslav (Compiler), Hampejs, Zdeněk (Compiler)
Format: Book
Language:Czech
Portuguese
Published: Praha : Státní pedagogické nakladatelství, 1964
Tags: Add Tag
No Tags, Be the first to tag this record!

MARC

LEADER 00000nam a22000003a 4500
001 stu230964
005 20150617230135.7
008 110711s1964----cs------------------cze-d
040 |a STU  |b slo 
041 0 |a cze  |a por 
044 |a cs 
100 1 |a Holbík, Jaroslav  |4 com 
245 1 |a Portugalsko český a česko portugalská kapesní slovník 
260 |a Praha :  |b Státní pedagogické nakladatelství,  |c 1964 
300 |a 666 s 
700 1 |a Hampejs, Zdeněk  |4 com 
996 |b 284V028857  |c V*5022/E-258  |l VVT  |s A  |a 24  |w stu230964_0001